Loading...
| Fine Arts - Classical Music | 6 | 20.00 | 100% | 83% | 17% |
| Fine Arts - Other Fine Arts | 4 | 20.00 | 100% | 75% | 25% |
| Fine Arts - Painting & Sculpture | 7 | 17.14 | 100% | 71% | 0% |
| History - American History | 5 | 24.00 | 100% | 100% | 40% |
| History - European History | 4 | 17.50 | 100% | 75% | 0% |
| History - Other History | 7 | 17.14 | 86% | 71% | 14% |
| History - World History | 7 | 18.57 | 100% | 71% | 14% |
| Literature - American Literature | 6 | 16.67 | 100% | 50% | 17% |
| Literature - British Literature | 6 | 18.33 | 100% | 83% | 0% |
| Literature - European Literature | 6 | 20.00 | 100% | 67% | 33% |
| Literature - World Literature | 4 | 17.50 | 100% | 75% | 0% |
| Mythology | 7 | 37.14 | 186% | 114% | 71% |
| Other | 6 | 15.00 | 100% | 50% | 0% |
| Philosophy | 6 | 20.00 | 100% | 83% | 17% |
| Religion | 8 | 18.75 | 100% | 63% | 25% |
| Science - Biology | 5 | 26.00 | 100% | 80% | 80% |
| Science - Chemistry | 7 | 18.57 | 100% | 71% | 14% |
| Science - Other Science | 7 | 18.57 | 100% | 57% | 29% |
| Science - Physics | 7 | 21.43 | 100% | 86% | 29% |
| Social Science | 6 | 21.67 | 100% | 67% | 50% |